000 00574nam a2200253Ia 4500
003 OSt
005 20220912152400.0
006 a|||||r|||| 00| 0
007 ta
008 220909b |||||||| |||| 00| 0 eng d
024 _a50586
037 _cTextual
040 _aCSL
_beng
_cCSL
041 _aeng
082 _aG:61, M3
100 _aShapiro J A
245 0 _aMobile Genetic elements
260 _c1983
300 _ap.
_ccm.
650 _a Heredity
650 _aBiology
942 _hG:61, M3
_cTEXL
_2CC
999 _c84759
_d84759